Normal view
MARC view
- Positivism
Entry Topical Term
001 - CONTROL NUMBER
- control field: 97053
003 - CONTROL NUMBER IDENTIFIER
- control field: NUST
005 - DATE AND TIME OF LATEST TRANSACTION
- control field: 20220813153954.0
008 - FIXED-LENGTH DATA ELEMENTS
- fixed length control field: 220813|| aca||aabn | a|a d
040 ## - CATALOGING SOURCE
- Original cataloging agency: NUST
- Transcribing agency: NUST
150 ## - HEADING--TOPICAL TERM
- Topical term or geographic name entry element: Positivism
670 ## - SOURCE DATA FOUND
- Source citation: Work cat.: (NUST)0: Naylor, Jason, author. 97051, Live life colorfully :
